| 000 | 00565nam a22001937a 4500 | ||
|---|---|---|---|
| 003 | OSt | ||
| 005 | 20140310181750.0 | ||
| 008 | 130626t xxu||||| |||| 00| 0 eng d | ||
| 020 | _a9789716220025 | ||
| 050 |
_aGN 671 _b.J63 2003 |
||
| 082 |
_aFIL 301.21 _bJ58 2003 |
||
| 100 | _aJocano, F. Landa | ||
| 245 |
_aFilipino indigenous ethnic communities : _bpatterns, variations and typologies / _cF. Landa Jocano. |
||
| 260 |
_aManila : _bPunlad Research House, _cc1998. |
||
| 300 |
_aviii, 223 p. : _c23 cm. |
||
| 562 | _e1 | ||
| 942 |
_2lcc _cBK |
||
| 999 |
_c3154 _d3154 |
||